Music Quiz

Random Music or Bands Quiz

Who's in One Direction? Quiz Stats

 Plays Quiz Updated Nov 6, 2018

Score 0/5 Timer 01:00
2 Plays Today
% Correct
Harry Styles
97.2%
Liam Payne
89.9%
Niall Horan
88.8%
Louis Tomlinson
85.8%
Zayn Malik
84.9%

You're not logged in!

Compare scores with friends on all Sporcle quizzes.
OR
Log In

Show Comments

Extras

Top Quizzes Today


Score Distribution

Your Account Isn't Verified!

In order to create a playlist on Sporcle, you need to verify the email address you used during registration. Go to your Sporcle Settings to finish the process.

Report this User

Report this user for behavior that violates our Community Guidelines.

Details: